[Event "35. Kieler Open 2023"]
[Site "Kiel"]
[Date "2023.07.30"]
[Round "4.8"]
[White "Busse, Tom Niklas"]
[Black "Braeutigam, Katerina"]
[Result "1-0"]
[WhiteElo "1984"]
[BlackElo "1884"]
[Annotator "HJ"]
[PlyCount "87"]
[EventDate "2023.??.??"]

1. d4 Nf6 2. Nf3 e6 3. g3 c5 4. Bg2 d5 5. O-O Nc6 6. c4 dxc4 7. Ne5 Nxe5 8.
dxe5 Qxd1 9. Rxd1 Nd7 10. f4 Rb8 11. a4 b6 12. Bc6 Kd8 13. Bb5 a6 14. Bxc4 b5
15. axb5 axb5 16. Bd3 c4 17. Be4 Bc5+ 18. Kg2 Ke7 19. Nc3 Bb7 20. Bxb7 Rxb7 21.
Ne4 Rc7 22. Nd6 Rb8 23. Ra5 Rc6 24. Nxb5 Bb4 {Rest 11min} 25. Ra7 Rd8 26. Be3
Bc5 27. Bxc5+ Rxc5 28. Nd6 Rd5 {0:01} 29. Rxd5 exd5 30. e4 dxe4 31. Nxc4 Ke6
32. Nd6 Rb8 33. f5+ Ke7 34. Nxe4 Rxb2+ 35. Kf3 Rb5 36. f6+ gxf6 37. Nxf6 Rb3+
38. Ke4 Rb4+ 39. Kf5 Rd4 40. h4 Rd1 41. Rxd7+ Rxd7 42. Nxd7 Kxd7 43. Kf6 Ke8
44. Kg7 1-0

[Event "35. Kieler Open 2023"]
[Site "Kiel"]
[Date "2023.07.30"]
[Round "4.9"]
[White "Braeutigam, Alexander"]
[Black "Kieselbach, Marvin"]
[Result "1/2-1/2"]
[WhiteElo "1943"]
[BlackElo "1870"]
[PlyCount "34"]
[EventDate "2023.??.??"]

1. d4 d5 2. c4 e6 3. Nc3 Nf6 4. cxd5 exd5 5. Bg5 Be7 6. e3 O-O 7. Qc2 Re8 8.
Bd3 h6 9. Bh4 c5 10. dxc5 d4 11. exd4 Qxd4 12. Nf3 Bxc5+ 13. Be2 Qf4 14. O-O
Bf5 15. Qb3 Ne4 16. Bc4 Nd6 17. Bd5 Nc6 1/2-1/2

[Event "35. Kieler Open 2023"]
[Site "Kiel"]
[Date "2023.07.30"]
[Round "4.10"]
[White "Bach, Matthias"]
[Black "Schiller, Thomas"]
[Result "1-0"]
[WhiteElo "2215"]
[BlackElo "1690"]
[PlyCount "43"]
[EventDate "2023.??.??"]

1. d4 d5 2. c4 Nc6 3. f4 Bf5 4. Nc3 e6 5. a3 Nf6 6. e3 Be7 7. Nf3 O-O 8. Bd3
Ne4 9. O-O Nxc3 10. bxc3 Bxd3 11. Qxd3 Qd7 12. e4 Rad8 13. cxd5 exd5 14. e5 f6
15. f5 fxe5 16. Nxe5 Qe8 17. Bf4 Rf6 18. Rae1 Nxe5 19. Bxe5 Rf7 20. f6 gxf6 21.
Bxf6 Qd7 22. Qg3+ 1-0

[Event "35. Kieler Open 2023"]
[Site "Kiel"]
[Date "2023.07.30"]
[Round "4.11"]
[White "Dreesen, Jan"]
[Black "Kieselbach, Jannik"]
[Result "1-0"]
[WhiteElo "2175"]
[BlackElo "1757"]
[PlyCount "67"]
[EventDate "2023.??.??"]

1. d4 Nf6 2. Nf3 e6 3. e3 Be7 4. Bd3 d5 5. O-O O-O 6. b3 b6 7. Bb2 Bb7 8. Nbd2
Nbd7 9. Qe2 c5 10. Rad1 Qc7 11. Ne5 Nxe5 12. dxe5 Nd7 13. f4 g6 14. c4 f6 15.
Qg4 f5 16. Qh3 Rf7 17. g4 Nf8 18. gxf5 exf5 19. cxd5 Bxd5 20. Bc4 Bxc4 21. Nxc4
Ne6 22. Qf3 Re8 23. Nd6 Bxd6 24. exd6 Qb7 25. Rd5 Rd7 26. Qd1 Qc6 27. Be5 Ng7
28. Qd3 Re6 29. Qc4 b5 30. Qxc5 Qxc5 31. Rxc5 Ne8 32. Rd1 a6 33. Rc6 a5 34. Rc5
1-0

[Event "35. Kieler Open 2023"]
[Site "Kiel"]
[Date "2023.07.30"]
[Round "4.12"]
[White "Rahtkens, Kay"]
[Black "Boehme, Arne"]
[Result "0-1"]
[WhiteElo "1759"]
[BlackElo "2153"]
[PlyCount "86"]
[EventDate "2023.??.??"]

1. Nf3 Nf6 2. d4 g6 3. c4 Bg7 4. g3 O-O 5. Bg2 d6 6. O-O Nc6 7. Re1 a6 8. Nc3
Rb8 9. a4 Bg4 10. Be3 Qc8 11. Qc1 Bxf3 12. Bxf3 Na5 13. Rb1 Nxc4 14. Bg5 c6 15.
e4 e5 16. Bxf6 Bxf6 17. d5 a5 18. b3 Nb6 19. Qe3 Qd8 20. Red1 Bg5 21. Qd3 c5
22. Bg4 Nc8 23. Bxc8 Rxc8 24. Nb5 Qd7 25. Kg2 f5 26. f3 Rf7 27. Rf1 Rcf8 28.
Qe2 Kh8 29. Rbd1 Bd8 30. Rb1 Rf6 31. Rbd1 Bc7 32. Rb1 Qd8 33. Qd2 R8f7 34. Rbd1
Bb6 35. Rc1 fxe4 36. fxe4 c4 37. Rxf6 Qxf6 38. Qe2 cxb3 39. Rf1 Qxf1+ 40. Qxf1
Rxf1 41. Kxf1 b2 42. Nc3 Bd4 43. Nb1 Kg7 0-1

[Event "35. Kieler Open 2023"]
[Site "Kiel"]
[Date "2023.07.30"]
[Round "4.13"]
[White "Schinkowski, Christoph"]
[Black "Riechenberg, Maximilian"]
[Result "1-0"]
[WhiteElo "2145"]
[BlackElo "1742"]
[PlyCount "55"]
[EventDate "2023.??.??"]

1. Nf3 Nf6 2. d4 d5 3. c4 c6 4. e3 e6 5. Nc3 Nbd7 6. Be2 dxc4 7. Bxc4 b5 8. Bd3
Bb7 9. O-O a6 10. e4 c5 11. d5 c4 12. Bc2 Qb6 13. Nd4 Bc5 14. Be3 exd5 15. Nxd5
Nxd5 16. exd5 Nf6 17. Nf5 Bxe3 18. fxe3 O-O-O 19. Kh1 Bxd5 20. Ne7+ Kb8 21.
Nxd5 Rxd5 22. Qf3 Ka7 23. Qg3 Rg8 24. Rxf6 Qxf6 25. Qc7+ Ka8 26. Be4 Qe6 27.
Bf3 Rc8 28. Bxd5+ 1-0

[Event "35. Kieler Open 2023"]
[Site "Kiel"]
[Date "2023.07.30"]
[Round "4.14"]
[White "Henke, Jaron"]
[Black "Forster, Lukas"]
[Result "1-0"]
[WhiteElo "1676"]
[BlackElo "2053"]
[PlyCount "81"]
[EventDate "2023.??.??"]

1. e4 c5 2. Nf3 d6 3. d4 cxd4 4. Nxd4 Nf6 5. Nc3 a6 6. f3 e5 7. Nb3 Be7 8. Be3
Be6 9. Qd2 Nbd7 10. Be2 O-O 11. g4 b5 12. h4 Nb6 13. Bxb6 Qxb6 14. h5 b4 15.
Nd1 a5 16. Qe3 Qc7 17. Bd3 a4 18. Nd2 Nd7 19. Nf2 Nc5 20. Ke2 Rfc8 21. g5 Bf8
22. g6 fxg6 23. hxg6 hxg6 24. Qg5 Nxd3 25. cxd3 Qf7 26. Qh4 Qf4 27. Qh7+ Kf7
28. Rh4 Qg5 29. Ng4 Rc2 30. Ne3 Rxb2 31. f4 exf4 32. Rf1 Be7 33. Rhxf4+ Bf6 34.
Rxf6+ Qxf6 35. Rxf6+ Kxf6 36. Qh4+ Kf7 37. Qf4+ Ke7 38. e5 d5 39. Qd4 Rxa2 40.
Qxb4+ Ke8 41. Nxd5 1-0

[Event "35. Kieler Open 2023"]
[Site "Kiel"]
[Date "2023.07.30"]
[Round "4.15"]
[White "Blietschau, Volker"]
[Black "Noreisch, Reiner"]
[Result "1-0"]
[WhiteElo "2007"]
[BlackElo "1706"]
[PlyCount "55"]
[EventDate "2023.??.??"]

1. e4 d6 2. d4 Nf6 3. Nc3 e5 4. Bg5 exd4 5. Qxd4 Be7 6. O-O-O Nc6 7. Qd2 Be6 8.
f4 Bg4 9. Re1 h6 10. Bh4 Be6 11. Nf3 O-O 12. h3 a6 13. g4 b5 14. f5 Bc4 15.
Bxc4 bxc4 16. Rhg1 Nh7 17. Bxe7 Qxe7 18. h4 Ne5 19. Nxe5 dxe5 20. g5 h5 21. Qe2
g6 22. Qxc4 Kh8 23. Nd5 Qd7 24. Rd1 Qb5 25. Qxc7 Qe8 26. Ne7 Qb5 27. Rd5 Qb8
28. Qc3 1-0

[Event "35. Kieler Open 2023"]
[Site "Kiel"]
[Date "2023.07.30"]
[Round "4.16"]
[White "Ahrens, Gunnar"]
[Black "Basey, Matthew"]
[Result "0-1"]
[WhiteElo "1661"]
[BlackElo "2002"]
[PlyCount "96"]
[EventDate "2023.??.??"]

1. f4 d5 2. Nf3 e6 3. e3 Bd6 4. b3 c5 5. Bb2 f6 6. Bb5+ Bd7 7. Be2 Nc6 8. O-O
Nge7 9. g3 O-O 10. Na3 a6 11. c4 Qa5 12. Nc2 b5 13. Bc3 Qb6 14. d4 b4 15. dxc5
Bxc5 16. Bd4 Rfd8 17. Qe1 Be8 18. Qf2 Bg6 19. Bxc5 Qxc5 20. Ncd4 Qd6 21. Rac1
Nxd4 22. Nxd4 dxc4 23. Bxc4 Bf7 24. Qf3 Rac8 25. Rcd1 Qb6 26. f5 exf5 27. Bxf7+
Kxf7 28. Rde1 g6 29. g4 Rc5 30. gxf5 Nxf5 31. Qh3 Ng7 32. Rf2 Rg5+ 33. Rg2 Rdd5
34. Ree2 Nh5 35. Qf3 Qd6 36. Rxg5 Rxg5+ 37. Rg2 Rc5 38. Rf2 Ng7 39. Qb7+ Rc7
40. Qf3 f5 41. Kg2 Re7 42. Qh3 Kg8 43. Rd2 Ne8 44. Qh6 Nf6 45. Nf3 Qc7 46. Nd4
Ng4 47. Qh4 Nxe3+ 48. Kg1 Qc1+ 0-1

[Event "35. Kieler Open 2023"]
[Site "Kiel"]
[Date "2023.07.30"]
[Round "4.17"]
[White "Basener, Winfried"]
[Black "Riechenberg, Sebastian"]
[Result "1/2-1/2"]
[WhiteElo "2001"]
[BlackElo "1661"]
[PlyCount "70"]
[EventDate "2023.??.??"]

1. d4 d5 2. c4 c6 3. cxd5 cxd5 4. Nc3 Nf6 5. Bf4 a6 6. Nf3 e6 7. e3 Bd6 8. Bxd6
Qxd6 9. Bd3 O-O 10. Ne5 Nfd7 11. f4 f5 12. O-O Nf6 13. g4 Nc6 14. g5 Ne4 15.
Bxe4 fxe4 16. Nxc6 Qxc6 17. Rc1 Qd6 18. Qb3 g6 19. Na4 Bd7 20. Nb6 Rab8 21.
Nxd7 Qxd7 22. Rc5 Rfc8 23. Rfc1 Rxc5 24. Rxc5 Rc8 25. Qc3 Rxc5 26. Qxc5 Kf7 27.
b3 Ke8 28. Kf2 Kd8 29. Kg3 Qc7 30. Qf8+ Kd7 31. Qf7+ Kd6 32. Qf8+ Kd7 33. Qb4
b5 34. Qf8 Qc6 35. Qf7+ Kd6 1/2-1/2

[Event "35. Kieler Open 2023"]
[Site "Kiel"]
[Date "2023.07.30"]
[Round "4.18"]
[White "Hansen, Fridolin"]
[Black "Helms, Finn"]
[Result "0-1"]
[WhiteElo "1650"]
[BlackElo "1966"]
[PlyCount "104"]
[EventDate "2023.??.??"]

1. e4 c6 2. d4 d5 3. e5 Bf5 4. h4 h5 5. Bd3 Bxd3 6. Qxd3 e6 7. Nf3 Qa5+ 8. Nbd2
Qa6 9. c4 Nh6 10. O-O Be7 11. b3 O-O 12. a4 Nf5 13. Bb2 Qa5 14. c5 Qd8 15. b4
Bxh4 16. b5 Be7 17. Rfc1 g5 18. Nf1 g4 19. N3h2 Nd7 20. Ng3 Nxg3 21. fxg3 Kg7
22. Qe2 Bg5 23. Rf1 Qe7 24. Rae1 Rae8 25. bxc6 bxc6 26. Qa6 f6 27. exf6+ Nxf6
28. Qxc6 Ne4 29. Rxe4 dxe4 30. d5+ e5 31. d6 Be3+ 32. Kh1 Qe6 33. Qc7+ Kh6 34.
d7 Rd8 35. Rxf8 Rxd7 36. Qxe5 Qxe5 37. Bxe5 Bxc5 38. Rf1 e3 39. Bf4+ Kg6 40.
Bxe3 Bxe3 41. Ra1 Rd3 42. Nf1 Bd4 43. Rc1 Kf5 44. Kh2 Ra3 45. Rc4 Ke4 46. Rb4
Ra2 47. a5 Kd3 48. Rb3+ Ke2 49. Rb4 Bf2 50. Rb1 Rxa5 51. Nd2 Kxd2 52. Ra1 Bxg3+
0-1

[Event "35. Kieler Open 2023"]
[Site "Kiel"]
[Date "2023.07.30"]
[Round "4.19"]
[White "Topalov, Mihail"]
[Black "Behrendt, Matthias"]
[Result "1-0"]
[WhiteElo "1936"]
[BlackElo "1653"]
[PlyCount "95"]
[EventDate "2023.??.??"]

1. e4 c5 2. Nf3 d6 3. d4 cxd4 4. Nxd4 Nf6 5. Nc3 a6 6. f3 e5 7. Nb3 Be6 8. Be3
b5 9. Qd2 Nbd7 10. O-O-O Rc8 11. Kb1 Be7 12. g4 Nb6 13. g5 Nh5 14. Rg1 Nc4 15.
Bxc4 Rxc4 16. h4 Qc7 17. Rg2 O-O 18. Nd5 Bxd5 19. Qxd5 Rc8 20. Qd2 Nf4 21. Bxf4
exf4 22. c3 b4 23. cxb4 d5 24. exd5 Bxb4 25. d6 Qd7 26. Qe2 Qf5+ 27. Qd3 Qxd3+
28. Rxd3 Rd8 29. d7 a5 30. a3 a4 31. Nd2 Bxd2 32. Rgxd2 Kf8 33. Rc3 Rxc3 34.
bxc3 Ke7 35. Kc2 Rxd7 36. Rxd7+ Kxd7 37. Kd3 Ke6 38. Ke4 f5+ 39. Kd4 Kd6 40. c4
Kc6 41. c5 h6 42. gxh6 gxh6 43. h5 Kc7 44. Kd5 Kd7 45. c6+ Kc8 46. Ke6 Kc7 47.
Kxf5 Kxc6 48. Kg6 1-0

[Event "35. Kieler Open 2023"]
[Site "Kiel"]
[Date "2023.07.30"]
[Round "4.20"]
[White "Hubert, Charlotte"]
[Black "Harutyunyan, Hovhannes"]
[Result "0-1"]
[WhiteElo "1897"]
[BlackElo "1637"]
[PlyCount "84"]
[EventDate "2023.??.??"]

1. e4 e6 2. d4 d5 3. Nc3 Nf6 4. Bg5 Be7 5. e5 Nfd7 6. Bxe7 Qxe7 7. Bd3 a6 8.
Nce2 c5 9. c3 Nc6 10. Nf3 b5 11. h4 Bb7 12. Rh3 f6 13. exf6 gxf6 14. Nf4 O-O-O
15. Qe2 c4 16. Bc2 Qd6 17. Qd2 e5 18. dxe5 Ndxe5 19. Nd4 Nxd4 20. cxd4 Nc6 21.
Kf1 Kb8 22. Re1 Bc8 23. Rg3 Ne7 24. Qe3 Rde8 25. Qf3 Bf5 26. Bxf5 Nxf5 27.
Rxe8+ Rxe8 28. Rg4 Re4 29. Ne2 Qe6 30. Rxe4 Qxe4 31. Qxe4 dxe4 32. h5 b4 33.
Ke1 Kc7 34. Kd2 Kc6 35. g4 Nd6 36. Ke3 a5 37. h6 a4 38. Nf4 b3 39. axb3 c3 40.
d5+ Kb6 41. Ne2 cxb2 42. Nc3 a3 0-1

[Event "35. Kieler Open 2023"]
[Site "Kiel"]
[Date "2023.07.31"]
[Round "5.1"]
[White "Betsakos, Konstantinos"]
[Black "Browning, Alex"]
[Result "1/2-1/2"]
[WhiteElo "2110"]
[BlackElo "2341"]
[PlyCount "74"]
[EventDate "2023.??.??"]

1. d4 Nf6 2. Nc3 d5 3. Bf4 a6 4. e3 g6 5. h4 h5 6. Nf3 Bg7 7. Ne5 c5 8. dxc5
Nbd7 9. Nxd7 Bxd7 10. Qd4 O-O 11. Be5 Be6 12. Be2 Qd7 13. Na4 Rae8 14. Nb6 Qc6
15. Bf3 Bg4 16. Bxg4 hxg4 17. f3 Qe6 18. O-O-O Bh6 19. Kb1 Rd8 20. h5 Nxh5 21.
fxg4 Bg7 22. Bxg7 Nxg7 23. c4 dxc4 24. Qxd8 Rxd8 25. Rxd8+ Ne8 26. Rxe8+ Kg7
27. Ka1 c3 28. bxc3 Qxg4 29. Reh8 Qxg2 30. Nd7 g5 31. R8h7+ Kg8 32. Rh8+ Kg7
33. e4 Qxe4 34. R8h5 f6 35. Nb6 Qc2 36. Nd5 Qd3 37. Nxe7 Qxc3+ 1/2-1/2

[Event "35. Kieler Open 2023"]
[Site "Kiel"]
[Date "2023.07.31"]
[Round "5.2"]
[White "Popvasilev, Kaloyan"]
[Black "Saglam, Buelent"]
[Result "1-0"]
[WhiteElo "2203"]
[BlackElo "2109"]
[PlyCount "47"]
[EventDate "2023.??.??"]

1. e4 c6 2. d4 d5 3. f3 dxe4 4. fxe4 e5 5. Nf3 Bg4 6. c3 Nd7 7. Bd3 Qb6 8. Nbd2
exd4 9. Nc4 Qc5 10. O-O dxc3+ 11. Be3 Qh5 12. Be2 Bc5 13. Nd6+ Bxd6 14. Qxd6
Bxf3 15. Rad1 Bg4 16. Rf5 Qxf5 17. exf5 Bxf5 18. g4 c2 19. Rd4 c5 20. Rd5 Be6
21. Bb5 Ngf6 22. Rxc5 Ne4 23. Bxd7+ Kd8 24. Qc7+ 1-0

[Event "35. Kieler Open 2023"]
[Site "Kiel"]
[Date "2023.07.31"]
[Round "5.3"]
[White "Wunder, Niklas"]
[Black "Jahncke, Giso"]
[Result "1-0"]
[WhiteElo "2070"]
[BlackElo "2244"]
[PlyCount "85"]
[EventDate "2023.??.??"]

1. d4 Nf6 2. c4 c5 3. d5 b5 4. cxb5 a6 5. bxa6 g6 6. Nc3 Bg7 7. e4 O-O 8. Bc4
Qa5 9. a7 Nxe4 10. axb8=Q Rxb8 11. Nge2 d6 12. f3 Nxc3 13. bxc3 Bf5 14. Bd2 Rb2
15. O-O Rfb8 16. Kh1 h5 17. Re1 h4 18. Bb3 c4 19. Bxc4 h3 20. Bb3 Qc5 21. Nd4
hxg2+ 22. Kg1 Bh3 23. Rb1 Rxb1 24. Qxb1 Bf6 25. Qd3 Kg7 26. f4 Rh8 27. Re3 Bd7
28. Kxg2 Qc8 29. Rg3 Bh4 30. Re3 Bf6 31. c4 Rh4 32. Rg3 Qh8 33. Nf3 Rh3 34. Bc3
Qh5 35. Bxf6+ exf6 36. Bd1 Bg4 37. Rxh3 Bxh3+ 38. Kf2 Qg4 39. Ke3 Bg2 40. Qd2
Kg8 41. a4 g5 42. Nxg5 Qc8 43. Qxg2 1-0

[Event "35. Kieler Open 2023"]
[Site "Kiel"]
[Date "2023.07.31"]
[Round "5.4"]
[White "Dreesen, Jan"]
[Black "Busse, Tom Niklas"]
[Result "1-0"]
[WhiteElo "2175"]
[BlackElo "1984"]
[PlyCount "53"]
[EventDate "2023.??.??"]

1. d4 d5 2. Nf3 Nf6 3. e3 e6 4. Bd3 Be7 5. O-O O-O 6. b3 b6 7. Bb2 Bb7 8. Nbd2
Nbd7 9. Qe2 c5 10. Rad1 Qc7 11. Ne5 Nxe5 12. dxe5 Ne4 13. Qh5 g6 14. Qg4 h5 15.
Qh3 Nxd2 16. Rxd2 c4 17. Bxg6 fxg6 18. Qxe6+ Rf7 19. bxc4 dxc4 20. Qxg6+ Rg7
21. Qe6+ Kf8 22. f3 Bc8 23. Qh6 Bg5 24. Qh8+ Rg8 25. Ba3+ Kf7 26. Qxh5+ Rg6 27.
Rd6 1-0

[Event "35. Kieler Open 2023"]
[Site "Kiel"]
[Date "2023.07.31"]
[Round "5.5"]
[White "Schaefer, Martin"]
[Black "Bach, Matthias"]
[Result "0-1"]
[WhiteElo "1929"]
[BlackElo "2215"]
[PlyCount "86"]
[EventDate "2023.??.??"]

1. d4 Nf6 2. c4 c5 3. d5 e6 4. Nc3 exd5 5. cxd5 d6 6. e4 g6 7. f4 Bg7 8. Bb5+
Nfd7 9. a4 O-O 10. Nf3 Na6 11. O-O Nb4 12. Re1 a6 13. Bc4 Nb6 14. Bf1 Bg4 15.
a5 Nd7 16. Be2 b5 17. axb6 Nxb6 18. h3 Bxf3 19. Bxf3 Bd4+ 20. Be3 Qf6 21. Bxd4
cxd4 22. Na4 Nxa4 23. Rxa4 a5 24. e5 Qxf4 25. Re4 Qg5 26. Qxd4 Rfc8 27. Kh2 Nc2
28. Qb6 dxe5 29. h4 Qd2 30. Re2 Qc1 31. d6 Nd4 32. Rxd4 exd4 33. Bxa8 d3 34.
Rf2 d2 35. Bf3 d1=Q 36. Bxd1 Qxd1 37. g3 Qd5 38. Kh3 Qh1+ 39. Rh2 Qf1+ 40. Rg2
Rc2 41. Qb7 Qh1+ 42. Kg4 Qxg2 43. Qb8+ Kg7 0-1

[Event "35. Kieler Open 2023"]
[Site "Kiel"]
[Date "2023.07.31"]
[Round "5.7"]
[White "Zimmermann, Manfred"]
[Black "Schinkowski, Christoph"]
[Result "0-1"]
[WhiteElo "1888"]
[BlackElo "2145"]
[PlyCount "114"]
[EventDate "2023.??.??"]

1. d4 Nf6 2. Bf4 g6 3. e3 Bg7 4. Nf3 d6 5. Be2 Nh5 6. Bg3 c5 7. c3 cxd4 8. exd4
Nxg3 9. hxg3 Nc6 10. Nbd2 O-O 11. O-O e5 12. dxe5 dxe5 13. Ne4 Bf5 14. Nd6 Be6
15. Nc4 h6 16. a4 e4 17. Nfd2 f5 18. Ne3 Ne5 19. Qc2 Qc7 20. Nb3 Rfd8 21. Rfd1
Rac8 22. Rxd8+ Rxd8 23. Rd1 Rxd1+ 24. Qxd1 h5 25. Nd4 Bf7 26. Nb5 Qb8 27. Nd6
Be6 28. Nec4 Nc6 29. Nb5 a6 30. Nba3 b5 31. axb5 axb5 32. Qd6 Qxd6 33. Nxd6 b4
34. cxb4 Nxb4 35. Nac4 Bd4 36. Nb5 Bc5 37. Nc7 Bc8 38. b3 Kf7 39. Nd2 e3 40.
Nf3 exf2+ 41. Kf1 Kf6 42. Ne8+ Ke7 43. Nc7 Bb7 44. Ng5 Nc2 45. Nf3 Ne3+ 46.
Kxf2 Nd5+ 47. Kf1 Nxc7 48. Ne5 Nd5 49. Nxg6+ Kf6 50. Nf4 Nxf4 51. gxf4 h4 52.
Bc4 Be3 53. b4 Bxf4 54. b5 Be3 55. Be2 Kg5 56. Bd1 Kf4 57. Bh5 Kg3 0-1

[Event "35. Kieler Open 2023"]
[Site "Kiel"]
[Date "2023.07.31"]
[Round "5.8"]
[White "Horn, Peter"]
[Black "Stegert, Jonas"]
[Result "1/2-1/2"]
[WhiteElo "2085"]
[BlackElo "1832"]
[PlyCount "86"]
[EventDate "2023.??.??"]

1. Nf3 Nf6 2. g3 g6 3. Bg2 Bg7 4. O-O O-O 5. c4 c5 6. d4 cxd4 7. Nxd4 d5 8.
cxd5 Nxd5 9. Na3 Nc6 10. Nxc6 bxc6 11. Qc2 Be6 12. Rd1 Qb6 13. Nc4 Qa6 14. Bd2
Rab8 15. a3 Nc7 16. Rac1 Bxc4 17. Qxc4 Qxc4 18. Rxc4 Rxb2 19. Rxc6 Ne6 20. Be3
Rxe2 21. Ra6 Bf6 22. Rxa7 Rb8 23. h4 h5 24. a4 Rbb2 25. Bd5 Be5 26. Bxe6 Bxg3
27. Bd5 Bxh4 28. Rf1 Rb4 29. Kg2 e6 30. Bc6 Rc2 31. Be8 f5 32. Bf7+ Kh8 33.
Bxg6 Rg4+ 34. Kh3 Bf6 35. Be8 f4 36. Bb6 Rc3+ 37. f3 Rg3+ 38. Kh2 Rc2+ 39. Rf2
Rxf2+ 40. Bxf2 Rxf3 41. Kg2 Rxf2+ 42. Kxf2 Bd4+ 43. Kf3 Bxa7 1/2-1/2

[Event "35. Kieler Open 2023"]
[Site "Kiel"]
[Date "2023.07.31"]
[Round "5.9"]
[White "Hufendiek, Ekkehard"]
[Black "Blietschau, Volker"]
[Result "0-1"]
[WhiteElo "1912"]
[BlackElo "2007"]
[PlyCount "88"]
[EventDate "2023.??.??"]

1. e4 d5 2. exd5 Qxd5 3. Nc3 Qa5 4. d4 c6 5. Bd2 Qc7 6. Bd3 Nf6 7. Nge2 e6 8.
Bf4 Bd6 9. Qd2 Nbd7 10. O-O b6 11. Rfe1 Bb7 12. Ne4 Nxe4 13. Bxe4 h6 14. Bxd6
Qxd6 15. Qf4 Qxf4 16. Nxf4 Nf6 17. Bf3 Ke7 18. Nd3 Rhd8 19. c3 g5 20. Ne5 Rac8
21. h3 Rc7 22. g3 Ne8 23. Ng4 Nd6 24. Ne5 f6 25. Nd3 c5 26. d5 e5 27. b3 c4 28.
Nb4 cxb3 29. axb3 Rxc3 30. Kg2 a5 31. Nc6+ Bxc6 32. dxc6 Rxb3 33. Rac1 Rc8 34.
c7 Ne8 35. Re2 Rxc7 36. Rd1 Ra7 37. Red2 a4 38. Bd5 Rc3 39. Ba2 b5 40. Rd8 b4
41. Rb8 b3 42. Bb1 Nd6 43. Rh8 Ke6 44. Rd8 Rc6 0-1

[Event "35. Kieler Open 2023"]
[Site "Kiel"]
[Date "2023.07.31"]
[Round "5.10"]
[White "Basey, Matthew"]
[Black "Henke, Jaron"]
[Result "1/2-1/2"]
[WhiteElo "2002"]
[BlackElo "1676"]
[Annotator "HJ"]
[PlyCount "119"]
[EventDate "2023.??.??"]

1. d4 Nf6 2. Nf3 d5 3. c4 e6 4. cxd5 exd5 5. Nc3 c6 6. Qc2 Be7 7. Bg5 h6 8. Bh4
O-O 9. e3 Re8 10. Bd3 b6 11. O-O Bb7 12. Bg3 c5 13. dxc5 Bxc5 14. Rfd1 Qe7 15.
Bb5 Rd8 16. Nd4 Bxd4 17. Rxd4 Nbd7 18. Bxd7 Rxd7 19. Rad1 Rc8 20. Qb3 Rcd8 21.
Qb5 Qc5 22. Qe2 Bc6 23. Be5 Ne4 24. Qg4 g6 25. Qh4 Qe7 26. Qxe7 Rxe7 27. Rxe4
Rc8 28. Rh4 Rxe5 29. Rxh6 Bd7 30. Rh4 Be6 31. Rhd4 Rc4 32. R4d3 g5 33. h3 g4
34. hxg4 Rxg4 35. Nxd5 Kg7 36. a3 Bf5 37. Rd4 Be4 38. Nf4 Bf3 39. Rc1 Reg5 40.
g3 Kh7 41. Ng2 (41. Rc7 $18) (41. Rd7 Rxf4 42. exf4 Rh5) 41... Rxd4 42. exd4
Rb5 43. Nh4 Bd5 44. Rc2 Rb3 45. Ng2 Rd3 46. Ne3 Be4 47. Rc7 Kg6 48. Rxa7 Rxd4
49. Ra6 Rd6 50. Ra4 Bc6 51. Rb4 Bf3 52. Rf4 Bc6 53. g4 Rd2 54. Rb4 b5 55. Rb3
f6 56. Rc3 Be4 57. b4 Ra2 58. f4 Kh6 59. Kf1 Kg6 60. Kg1 1/2-1/2

[Event "35. Kieler Open 2023"]
[Site "Kiel"]
[Date "2023.07.31"]
[Round "5.11"]
[White "Dittmann, Hans-Adolf"]
[Black "Werner, Rene"]
[Result "1-0"]
[WhiteElo "1989"]
[BlackElo "1823"]
[PlyCount "75"]
[EventDate "2023.??.??"]

1. e4 c5 2. Nf3 d6 3. d4 cxd4 4. Nxd4 Nf6 5. Nc3 g6 6. Be3 Bg7 7. Bc4 O-O
8. f3 Nc6 9. Qd2 Nxd4 10. Bxd4 Qa5 11. O-O-O Be6 12. Bxe6 fxe6 13. Kb1 Kf7
14. Rhe1 Rfd8 15. e5 Nd5 16. Nxd5 Qxd2 17. Rxd2 dxe5 18. Bxe5 Bh6 19. Rd4
exd5 20. Rh4 Bf8 21. Rxh7+ Kg8 22. Rh8+ Kf7 23. c3 Rac8 24. h4 Rc6 25. f4 Rdc8
26. g4 Rc4 27. h5 gxh5 28. Rxh5 R8c6 29. Rf5+ Ke8 30. Bd4 Rg6 31. g5 Rd6 32. Rh1 
e6 33. Rxf8+ Kxf8 34. Be5 Ra6 35. g6 d4 36. g7+ Kf7 37. Rh8 dxc3 38. g8=Q+ 1-0

[Event "35. Kieler Open 2023"]
[Site "Kiel"]
[Date "2023.07.31"]
[Round "5.13"]
[White "Vollbehr, Bjarne"]
[Black "Braeutigam, Alexander"]
[Result "1-0"]
[WhiteElo "1827"]
[BlackElo "1943"]
[PlyCount "120"]
[EventDate "2023.??.??"]

1. e4 c5 2. Nc3 d6 3. d4 cxd4 4. Qxd4 Nc6 5. Qd2 Nf6 6. b3 a6 7. Bb2 b5 
8. O-O-O Bb7 9. f3 e6 10. Kb1 Be7 11. g4 Qb6 12. Nge2 Qf2 13. Nd4 Qxd2 
14. Rxd2 Nxd4 15. Rxd4 O-O-O 16. Be2 d5 17. exd5 Nxd5 18. Nxd5 Bxd5 19. c4 
bxc4 20. Bxc4 Bf6 21. Bxa6+ Kc7 22. Rb4 Bxb2 23. Kxb2 Bxf3 24. Rc1+ Kd6 
25. Rf1 Bc6 26. Rxf7 Kc5 27. Kc3 Ra8 28. Rc4+ Kd5 29. Rxc6 Kxc6 30. Bb7+ 
Kd6 31. Bxa8 Rxa8 32. a4 Rc8+ 33. Kb4 e5 34. a5 e4 35. a6 e3 36. Rf1 Rb8+ 
37. Kc3 e2 38. Re1 Ra8 39. Rxe2 Rxa6 40. Re3 Ra2 41. h3 Rg2 42. Kd4 Kc6 
43. Ke5 h5 44. Kf5 h4 45. Kg5 Rg3 46. Re7 Rxh3 47. Rxg7 Kd6 48. Rf7 Ke6 
49. Rf2 Rxb3 50. Kxh4 Rb7 51. Kg5 Rg7+ 52. Kh5 Ke7 53. g5 Rh7+ 54. Kg6 Rh1 
55. Kg7 Rg1 56. Re2+ Kd7 57. g6 Rg3 58. Kf7 Rf3+ 59. Kg8 Rg3 60. g7 Rg1 1-0

[Event "35. Kieler Open 2023"]
[Site "Kiel"]
[Date "2023.07.31"]
[Round "5.14"]
[White "Kieselbach, Marvin"]
[Black "Lutze, Max"]
[Result "1/2-1/2"]
[WhiteElo "1870"]
[BlackElo "1936"]
[PlyCount "88"]
[EventDate "2023.??.??"]

1. e4 c5 2. c3 Nf6 3. e5 Nd5 4. Bc4 Nb6 5. Bb3 c4 6. Bc2 Nc6 7. Nf3 e6 
8. O-O d6 9. exd6 Bxd6 10. d4 cxd3 11. Qxd3 Be7 12. Qe4 f5 13. Qe2 O-O 
14. Bb3 Rf6 15. Rd1 Qc7 16. Nd4 Nxd4 17. cxd4 Bd6 18. h3 Bd7 19. Nd2 Bc6
20. Bxe6+ Kh8 21. Bb3 Rg6 22. d5 Nxd5 23. Nf3 Re8 24. Qd3 Nb4 25. Qc3 Re2 
26. Qc4 Re8 27. Qc3 Re2 28. Qc4 Re8 29. Qc3 Bf8 30. a3 Na6 31. Bd5 Nc5
32. Bxc6 Rxc6 33. Be3 Ne4 34. Qd3 Bd6 35. Nd4 Bh2+ 36. Kh1 Rb6 37. Nb5 
Qe5 38. Bxb6 axb6 39. Rf1 Bf4 40. Rad1 Bg3 41. fxg3 Nxg3+ 42. Kg1 Ne2+
43. Kh1 Ng3+ 44. Kg1 Ne2+ 1/2-1/2

[Event "35. Kieler Open 2023"]
[Site "Kiel"]
[Date "2023.07.31"]
[Round "5.15"]
[White "Harutyunyan, Hovhannes"]
[Black "Topalov, Mihail"]
[Result "1/2-1/2"]
[WhiteElo "1637"]
[BlackElo "1936"]
[PlyCount "113"]
[EventDate "2023.??.??"]

1. d4 Nf6 2. Nf3 g6 3. c4 Bg7 4. Nc3 d5 5. e3 O-O 6. cxd5 Nxd5 7. Bc4 
Nb6 8. Qb3 Nxc4 9. Qxc4 a6 10. a4 Nc6 11. O-O Bg4 12. Nd2 Rb8 13. Nde4 
e5 14. d5 Na5 15. Qa2 b6 16. h3 Bf5 17. Ng3 Bd3 18. Re1 Bc4 19. Qa3 Re8 
20. b4 Bf8 21. Qb2 Nb7 22. e4 b5 23. axb5 axb5 24. Be3 Qd6 25. Reb1 Bd3 
26. Rd1 Bc4 27. Rab1 Ra8 28. Nf1 Qe7 29. Nd2 Bd3 30. Rbc1 Qxb4 31. Qxb4 
Bxb4 32. Nf3 Ba3 33. Rxd3 Bxc1 34. Bxc1 Ra1 35. Rd1 Nc5 36. Bb2 Rxd1+ 
37. Nxd1 Nxe4 38. Nxe5 Ra8 39. Kf1 Ra2 40. Nd3 Nd2+ 41. Ke2 Nc4 42. Kf3 
Nxb2 43. N1xb2 Kf8 44. Ke4 Ke7 45. Kd4 Kd6 46. Kc3 Ra8 47. Nb4 Re8 
48. N2d3 Re4 49. Kd2 Re8 50. g3 Re4 51. f3 Re8 52. g4 f6 53. h4 Re7 
54. f4 Re4 55. g5 fxg5 56. hxg5 Re7 57. Kc3 1/2-1/2

[Event "35. Kieler Open 2023"]
[Site "Kiel"]
[Date "2023.07.31"]
[Round "5.16"]
[White "Aguike, Toshiya"]
[Black "Schalla, Dieter"]
[Result "0-1"]
[WhiteElo "1476"]
[BlackElo "1931"]
[PlyCount "70"]
[EventDate "2023.??.??"]

1. e4 c5 2. Nf3 d6 3. d4 cxd4 4. Nxd4 g6 5. Nc3 Bg7 6. Be3 Nf6 7. Be2 Nc6 
8. Qd2 Bd7 9. Bh6 Bxh6 10. Qxh6 Nxd4 11. Bd3 Qa5 12. O-O-O Ne6 13. Qd2 
Qg5 14. Qxg5 Nxg5 15. f4 Ne6 16. Rhf1 O-O 17. f5 Nc5 18. fxg6 hxg6 
19. Rde1 Nxd3+ 20. cxd3 Rac8 21. h3 Be6 22. Kd2 a6 23. Re3 b5 24. b4 Rc7 
25. d4 Bc4 26. Rff3 Rfc8 27. g4 Bxa2 28. e5 dxe5 29. dxe5 Nd5 30. Nxd5 
Bxd5 31. Rf4 Rc4 32. Rxc4 Rxc4 33. Ra3 Bb7 34. Rb3 Re4 35. Re3 Rxb4 0-1